| 000 | 00704nam a2200241 a 4500 | ||
|---|---|---|---|
| 003 | AR-BaBNM | ||
| 005 | 20251128210154.0 | ||
| 008 | 082120s2002 ||||||||||||||000 | spa|| | ||
| 020 | _a84-316-2728-x | ||
| 040 | _cAR-BaBNM | ||
| 245 | 0 | 0 |
_aEnciclopedia internacional de Educación _n2 |
| 250 | _a1ª ed. | ||
| 260 |
_aBarcelona _bVicens Vives _bMinisterio de Educación y Ciencia _c1989 |
||
| 300 |
_ap. 1271-1866 _btablas, gráfs. |
||
| 504 | _aContiene bibliografía al final de cada tema | ||
| 650 | 4 | _aENCICLOPEDIAS | |
| 650 | 4 | _aEDUCACION | |
| 655 | _aREFERENCIA | ||
| 700 | 1 |
_aHusen, Torsten _edirector |
|
| 700 | 1 |
_aPostlethwaite, T. Neville _edirector |
|
| 942 | _cBK | ||
| 998 | _cRaquel | ||
| 999 |
_c14370 _d14370 |
||